The Architecture Concept Book: An Inspirational Guide to Creative Ideas, Strategies and Practices / (Record no. 8697)

MARC details
000 -LEADER
fixed length control field 00675nam a22001817a 4500
003 - CONTROL NUMBER IDENTIFIER
control field OSt
005 - DATE AND TIME OF LATEST TRANSACTION
control field 20260401102953.0
008 - FIXED-LENGTH DATA ELEMENTS--GENERAL INFORMATION
fixed length control field 260401b |||||||| |||| 00| 0 eng d
020 ## - INTERNATIONAL STANDARD BOOK NUMBER
International Standard Book Number 9780500027929
040 ## - CATALOGING SOURCE
Transcribing agency n
082 ## - DEWEY DECIMAL CLASSIFICATION NUMBER
Classification number 720.1 T25 2024
100 ## - MAIN ENTRY--PERSONAL NAME
Personal name Tait, James
245 ## - TITLE STATEMENT
Title The Architecture Concept Book: An Inspirational Guide to Creative Ideas, Strategies and Practices /
Statement of responsibility, etc. James Tait.
260 ## - PUBLICATION, DISTRIBUTION, ETC.
Name of publisher, distributor, etc. London, United Kingdom. Thames & Hudson Ltd. 2024
300 ## - PHYSICAL DESCRIPTION
Extent 296 pages : illustrations (chiefly color) ; 24 cm
650 ## - SUBJECT ADDED ENTRY--TOPICAL TERM
Topical term or geographic name entry element Architectural design–Architectural concepts–Creative strategies–Design thinking–Architecture theory
942 ## - ADDED ENTRY ELEMENTS (KOHA)
Source of classification or shelving scheme Dewey Decimal Classification
Koha item type English Book
Suppress in OPAC No
Holdings
Withdrawn status Lost status Source of classification or shelving scheme Damaged status Not for loan Home library Current library Date acquired Total Checkouts Full call number Barcode Date last seen Price effective from Koha item type
    Dewey Decimal Classification     CENTRAL TUWAIQ 04/01/2026   720.1 T25 2024 1000000025821 04/01/2026 04/01/2026 English Book